000 02763cam a22006614i 4500
003 PE-LiUPU
005 20250731170459.0
008 150616s1995 mx a r 000 0 spa d
020 _a968244442X
020 _a9789682444425
035 _a(Sirsi) i9789682444425
040 _aPE-LiUPU
_bspa
_cPE-LiUPU
_dPE-LiUPU
_erda
049 _aPRUA
082 0 4 _a153.02
_bA49
_221
100 1 _aAmestoy de Sánchez, Margarita,
_eautor.
245 1 0 _aDesarrollo de habilidades del pensamiento :
_bcreatividad; guía del instructor /
_cMargarita Amestoy de Sánchez.
264 1 _aMéxico :
_bTrillas,
_c1995.
300 _a311 páginas :
_bilustraciones ;
_c23 centímetros
336 _atext
_2rdacontent
337 _aunmediated
_2rdamedia
338 _avolume
_2rdacarrier
505 0 _aIntroducción a la creatividad -- Expansión y contracción de ideas -- Activación de procesos creativos -- Desarrollo de la inventiva.
526 _aSEG68
526 _aSEG70
526 _aSEG69
526 _aSEG67
526 _aSEG43
526 _aP144
526 _aP143
526 _aP131
526 _aP122
526 _aP120
526 _aP117
526 _aP112
526 _aP110
526 _aP106
526 _aP101
526 _aP80
526 _aP59
526 _aP54
526 _aP35
526 _aP33
526 _aP30
541 _g001-026452;
650 0 4 _aCognición.
_91884
650 0 4 _aHabilidad creativa.
_9974
650 0 4 _aIntelecto.
910 _ajck
_bjvq
_cjck
942 _2ddc
_cBOOK
949 _a153.02 A49A
_wDEWEY
_c1
_i38329
_lCCODEBUL1
_mBUL
_r0
_sY
_tBOOK
_u2015-6-16
_xTEOLOGIA
_PP20
_0COMPRA
_o.STAFF. Colección Ciencias de la Salud
949 _a153.02 A49A
_wDEWEY
_c2
_i41101
_d2015-8-28
_e2015-8-27
_lCCODEBUL1
_mBUL
_n1
_r0
_sY
_tBOOK
_u2015-6-16
_xEDUCACION
_PP20
_0COMPRA
_o.STAFF. Colección Ciencias de la Salud
949 _a153.02 A49A
_wDEWEY
_c3
_i57326
_d2016-10-10
_e2016-10-5
_lCCODEBUL1
_mBUL
_n2
_r0
_sY
_tBOOK
_u2015-6-16
_xSALUD
_PP33
_0COMPRA
_o.STAFF. Colección Ciencias de la Salud
994 _aC0
_bPEPRU
596 _a1
999 _a153.02 A49
_wDEWEY
_c58913
_i38329
_f2021-11-3
_g5
_lCCODEBUL1
_mBUL
_p21.00
_r0
_sY
_tBOOK
_u2015-6-16
_xSALUD
_zP20
_0COMPRA
_o.STAFF. Colección Ciencias de la Salud
_d58913
999 _a153.02 A49
_wDEWEY
_c2
_i41101
_d2015-8-28
_e2015-8-27
_f2021-11-3
_g6
_lCCODEBUL1
_mBUL
_n1
_p21.00
_r0
_sY
_tBOOK
_u2015-6-16
_xSALUD
_zP20
_0COMPRA
_o.STAFF. Colección Ciencias de la Salud
999 _a153.02 A49
_wDEWEY
_c3
_i57326
_d2018-8-16
_e2016-10-5
_f2021-11-3
_g5
_lCCODEBUL1
_mBUL
_n2
_p16.81
_q1
_r0
_sY
_tBOOK
_u2015-6-16
_xSALUD
_zP33
_0COMPRA
_o.STAFF. Colección Ciencias de la Salud
980 _81
_gALBERTO SANCHEZ Responsable de Automatización